Quimica i : sistemas materiales. estructura de la materia :
Guardado en:
| Autor Principal: | |
|---|---|
| Otros Autores: | , , , , |
| Formato: | Libro |
| Publicado: |
Buenos Aires :
Santillana,
1998
|
| Series: | Santillana Polimodal
|
| Materias: | |
| Etiquetas: |
Agregar Etiqueta
Sin Etiquetas, Sea el primero en etiquetar este registro!
|
| LEADER | 01766nam a22003015a 4500 | ||
|---|---|---|---|
| 001 | CEM.cems009912 | ||
| 005 | 20080702103522.0 | ||
| 008 | 130507s1998##################000#0#####d | ||
| 003 | CEMS | ||
| 020 | |a 9504605648 | ||
| 082 | 0 | 4 | |a 546 |
| 100 | 1 | |a Alegría, Mónica P. | |
| 245 | 1 | 0 | |a Quimica i : |b sistemas materiales. estructura de la materia : |c Mónica P. Alegría ... [et Al.] |
| 260 | |a Buenos Aires : |b Santillana, |c 1998 | ||
| 300 | |a 383 p. | ||
| 490 | 0 | |a Santillana Polimodal | |
| 500 | |a Para nivel polimodal | ||
| 505 | 0 | |a El lenguaje de la ciencia -- Los sistemas materiales -- Materia, energía y transformaciones -- La química del universo -- La química de la tierra -- El comportamiento de la materia -- Leyes fundamentales de la química -- Teoría cinético-molecular y estados de la materia -- Soluciones, sistemas coloidales y suspensiones -- La materia por dentro -- Estructura atómica y radiactividad -- Organización de los elementos químicos: periodicidad -- Uniones químicas -- Introducción a las reacciones químicas -- Las reacciones químicas -- Estequiometría -- Sustancias inorgánicas -- Metales, no metales y metaloides -- Compuestos inorgánicos -- La química del carbono -- Hicrocarburos y derivados halogenados -- Macromoléculas -- Recursos para el trabajo científico y talleres de ciencias | |
| 653 | |a Química | ||
| 653 | |a Química-polimodal | ||
| 653 | |a Química-educación secundaria básica | ||
| 700 | 1 | |a Bosack, Alejandro S. | |
| 700 | 1 | |a Dal Fávero, María Alejandra | |
| 700 | 1 | |a Franco, Ricardo | |
| 700 | 1 | |a Jaul, Mariana B. | |
| 700 | 1 | |a Rossi, Ricardo A. | |
| 859 | |a CEMS |b BIB. CEMS - 11 de abril |h 546 |i AL25 |p 20241.99 |t Ej.1 |v I |3 I | ||
| 859 | |a CEMS |b BIB. CEMS - 11 de abril |h 546 |i AL25 |p 20620.99 |t Ej.2 |v I |3 I | ||
